000 00805nam0a2200241 4500
001 RU\NLR\BIBL_A\011469115
005 20250626072850.0
035 _a(NLR Aleph) 011469115
090 _a11845329
_c11845329
100 _a20170908d1961 |||y0rusy50 ca
101 0 _ache
102 _aRU
105 _ay z 000gy
200 1 _aДовха дегнаш
_eпоэмийн сб.
_fНурдин Музаев
210 _aГрозный
_cНохч-ГIалгIайн кн. изд-во
_d1961
215 _a126,[2] с.
_d14
541 1 _aГорячие сердца
_eсб. поэм
_zrus
686 1 _aШ6(2=Че)7-5
700 1 _aМузаев
_bН.Д.
_f1913-1983
_gНурдин Джамалдинович
_4070
852 _aNLR
_bОНЛ
_jЧеч./1-65
942 _cBOOK
980 _aNB